[Event "3rd Sharjah Masters 2019"]
[Site "Sharjah"]
[Date "2019.03.26"]
[Round "5.41"]
[White "Boudriga, Mohamed Ali"]
[Black "Zarkovic, Mila"]
[Result "1/2-1/2"]
[WhiteElo "2369"]
[BlackElo "2187"]
[Annotator "TA"]
[PlyCount "164"]
[EventDate "2019.03.22"]
[EventType "swiss"]
[EventCountry "UAE"]
[SourceTitle "playchess.com"]
[Source "ChessBase"]
[SourceQuality "1"]

{[%evp 21,164,-20,0,-4,0,-35,-10,-70,-28,-25,-5,-4,3,3,0,6,39,1,53,44,66,81,82,68,73,88,70,64,105,95,118,95,70,66,75,0,0,0,-17,-19,0,0,26,26,20,0,26,33,94,58,92,-46,-46,-47,25,31,37,16,37,39,114,0,78,0,51,0,0,0,0,0,0,0,0,0,0,-89,-51,-67,-41,-30,-35,-18,-7,-62,-62,-72,47,34,31,39,45,-27,-27,-27,-27,-20,-28,-124,-122,-54,-68,-224,-132,-390,-375,-447,-429,-556,-172,-164,-168,-165,-163,-103,-61,-116,0,-75,0,-8,-8,-8,0,0,0,-8,0,-91,-8,-346,-8,-8,-8,-11,-8,-8,-8,-8,-8,-8,0,0,0,0,8]} 1. e4 c5 2. Nf3 d6 3. d4 cxd4 4. Qxd4 Nc6 5. Bb5 Bd7 6. Bxc6 Bxc6 7. Nc3 e6 8. Bg5 Nf6 9. O-O-O Be7 10. Rhe1 O-O 11. Qd2 Rc8 12. Nd4 {B53: Sicilian: 2...d6: Lines with Qxd4} a6 (12... h6 13. Bh4 Qa5 14. Kb1 Qh5 15. Bg3 Rfd8 16. f3 Be8 17. Bf4 d5 18. g4 Qg6 19. e5 Nd7 {0-1 (50) Bogut,Z (2415)-Korobov,A (2685) Biograd 2018}) 13. f3 b5 {[%cal Bb7b5,Bb5b4][%mdl 32]} 14. h4 (14. a3 $11) 14... b4 (14... h6 $5 {[%cal Rh6g5]} 15. Nxc6 Rxc6 $15) 15. Nce2 a5 16. Kb1 Bd7 17. g4 $1 a4 $146 ({Predecessor:} 17... Qc7 18. Ng3 Ba4 19. Rg1 Rfd8 20. Rg2 d5 21. e5 {1-0 (39) Vlashki,N (2232)-Lichkov,I Ognjanovo 2010}) 18. Ng3 a3 19. b3 $1 Rc3 (19... Qa5 $11) 20. Be3 $14 Qb8 21. g5 Ne8 22. Nde2 Rc8 23. f4 Qc7 24. Rc1 Qb7 25. f5 $1 Bd8 26. f6 gxf6 27. gxf6 Kh8 $1 28. Bg5 (28. Rg1 $1 $16) 28... e5 29. Nh5 Rg8 30. Neg3 Be6 31. Re3 Qb6 32. Rd3 Rc6 33. Qe2 Rg6 {[%cal Re8f6]} 34. Nf5 Nxf6 ({Don't blunder} 34... Bxf6 $2 35. Nxf6 Nxf6 36. Ne7 $18) (34... Bxf5 $14 35. exf5 Rg8) 35. Nxf6 $16 Bxf6 36. Ne7 (36. Qd2 $1 $16) 36... Bxe7 $15 37. Bxe7 Qc7 (37... Bg4 $15 38. Qd2 h5) 38. h5 $11 Rg4 $1 39. Bf6+ {[%mdl 1024] White has compensation.} Kg8 40. Qd2 Qb6 (40... Kf8 $14) 41. Rd1 ({White should try} 41. Be7 $16) 41... Rg1 (41... Kf8 $1 $11 {remains equal.} 42. Qh6+ {[%mdl 64] Double Attack} Ke8 43. Qxh7 Rg1) 42. Qh2 ({White should play} 42. Be7 $16 h6 43. Qxh6) 42... Rxd1+ 43. Rxd1 Kf8 $1 44. Qg3 Rc8 45. Qd3 Rc6 $40 {[%mdl 128] Black mounts an attack.} 46. Qg3 $1 {[%cal Rg3g7] Black must now prevent Qg7+.} Rc8 47. Qd3 Rc6 48. h6 (48. Qg3 $1 $11) 48... Qc5 49. Bg5 Ke8 50. Be3 Qc3 51. Qxc3 Rxc3 $15 {[%mdl 4096] Endgame KRB-KRB} 52. Bd2 (52. Rd3 $11) 52... Rh3 53. Bxb4 d5 (53... Bg4 $17 54. Re1 Kd7) 54. exd5 $14 Bxd5 55. Bxa3 Be4 56. Rc1 (56. Bc1 $14) 56... Rxh6 $11 57. Re1 f5 58. Bb2 Re6 59. Re3 (59. Re2 $11) 59... Kf7 $17 60. Kc1 ({Better is} 60. Bc3 $17) 60... h5 61. c4 $2 {[#]} (61. Bc3 $1 $15) 61... Kg6 (61... Kf6 $1 $19 62. Kd1 h4) 62. Rg3+ $2 {[%mdl 8192]} (62. c5 $17) 62... Kh6 $19 63. Bc3 h4 64. Rg8 {intending Rh8+.} Kh5 $2 (64... f4 {...h3 is the strong threat.} 65. Rh8+ Bh7) 65. Rh8+ Kg4 66. Be1 f4 67. Rxh4+ Kf3 68. Rh2 (68. Bd2 $15) 68... Ke3 (68... Bf5 $17 69. Rf2+ Ke3) 69. Bc3 (69. Bd2+ $11 {keeps the balance.} Kd4 70. Be1) 69... f3 (69... Bc6 $17) 70. Bd2+ Kd3 {Threatens to win with ...Rg6.} 71. Be1 Ke3 72. Bd2+ Kd3 {aiming for ...Rg6.} 73. Be1 Ke3 74. Rd2 {[#]} (74. Bf2+ $11 Kd3 75. Bg3) 74... Bf5 (74... Rh6 $1 $17 {[%cal Rh6h1]} 75. Bf2+ Kf4) 75. Rh2 $2 {[%mdl 8192]} (75. Bf2+ $11 {and White stays safe.} Kf4 76. a4) 75... Rg6 $2 (75... e4 $19 {Strongly threatening ...Rg6.} 76. Bg3 Rg6 77. Bf2+ Kd3) 76. Bf2+ $11 {The position is equal.} Kd3 {Hoping for ...e4.} 77. Bc5 Rg2 78. Rxg2 $1 fxg2 79. Kd1 Kc3 80. Bg1 Be4 81. Ke2 Bd3+ 82. Kf2 Bxc4 {Accuracy: White = 42%, Black = 41%.} 1/2-1/2

[Event "3rd Sharjah Masters 2019"]
[Site "Sharjah"]
[Date "2019.03.26"]
[Round "5.42"]
[White "Rathnakaran, K.."]
[Black "Singgih, Diajeng Theresa"]
[Result "1-0"]
[WhiteElo "2361"]
[BlackElo "2164"]
[Annotator "NA"]
[PlyCount "157"]
[EventDate "2019.03.22"]
[EventType "swiss"]
[EventCountry "UAE"]
[SourceTitle "playchess.com"]
[Source "ChessBase"]
[SourceQuality "1"]
[TimeControl "5400+30"]

1. e4 {[%emt 0:00:00]} e5 {[%emt 0:00:00]} 2. Nf3 {[%emt 0:00:00]} Nc6 {[%emt 0:00:00]} 3. Bb5 {[%emt 0:00:00]} a6 {[%emt 0:00:00]} 4. Ba4 {[%emt 0:00:00]} Nf6 {[%emt 0:00:00]} 5. Qe2 {[%emt 0:00:00]} b5 {[%emt 0:00:20]} 6. Bb3 {[%emt 0:00:00]} Be7 {[%emt 0:01:00]} 7. d4 {[%emt 0:00:02]} d6 {[%emt 0:02:48]} 8. c3 {[%emt 0:00:08]} exd4 {[%emt 0:05:38]} 9. cxd4 {[%emt 0:00:20]} O-O {[%emt 0:00:39]} 10. O-O {[%emt 0:01:10]} Re8 {[%emt 0:02:47]} 11. a4 {[%emt 0:14:05]} Bb7 {[%emt 0:08:51]} 12. Ng5 {[%emt 0:04:59]} d5 {[%emt 0:02:35]} 13. e5 {[%emt 0:00:05]} Nxd4 {[%emt 0:01:57]} 14. Qd3 {[%emt 0:01:34]} Nxb3 {[%emt 0:06:22]} 15. exf6 {[%emt 0:00:09]} Bxf6 {[%emt 0:00:10]} 16. Qxh7+ {[%emt 0:00:54]} Kf8 {[%emt 0:00:11]} 17. Ra3 {[%emt 0:08:12]} Nxc1 {[%emt 0:20:14]} 18. Qh8+ {[%emt 0:01:47]} Ke7 {[%emt 0:00:02]} 19. Re3+ {[%emt 0:00:28]} Kd7 {[%emt 0:00:52]} 20. Qh3+ {[%emt 0:01:37]} Kc6 {[%emt 0:00:32]} 21. Nxf7 {[%emt 0:23:22]} Qc8 {[%emt 0:00:50]} 22. Rxc1+ {[%emt 0:00:41]} Kb6 {[%emt 0:00:10]} 23. Qg3 {[%emt 0:00:35]} Rxe3 {[%emt 0:04:41]} 24. fxe3 {[%emt 0:01:49]} c6 {[%emt 0:09:42]} 25. Ne5 {[%emt 0:18:54]} c5 {[%emt 0:08:50]} 26. b4 {[%emt 0:07:27]} c4 {[%emt 0:02:04]} 27. Nd3 {[%emt 0:04:33]} Qb8 {[%emt 0:05:22]} 28. Nf4 {[%emt 0:03:28]} g5 {[%emt 0:02:10]} 29. Nxd5+ {[%emt 0:00:05]} Bxd5 {[%emt 0:00:11]} 30. Qf2 {[%emt 0:00:05]} Qh8 {[%emt 0:04:12]} 31. Rd1 {[%emt 0:00:28]} Be5 {[%emt 0:03:44]} 32. e4+ {[%emt 0:01:18]} Kb7 {[%emt 0:00:35]} 33. Rxd5 {[%emt 0:02:01]} Rf8 {[%emt 0:04:09]} 34. Rd7+ {[%emt 0:00:29]} Kc8 {[%emt 0:00:23]} 35. Rf7 {[%emt 0:02:11]} Rxf7 {[%emt 0:01:46]} 36. Qxf7 {[%emt 0:00:18]} Qxh2+ {[%emt 0:00:16]} 37. Kf1 {[%emt 0:01:50]} Qf4+ {[%emt 0:01:11]} 38. Qxf4 {[%emt 0:00:06]} gxf4 {[%emt 0:00:17]} 39. axb5 {[%emt 0:00:06]} axb5 {[%emt 0:00:06]} 40. Na3 {[%emt 0:00:08]} Bd6 {[%emt 0:02:28]} 41. Nxb5 {[%emt 0:00:11]} Bxb4 {[%emt 0:00:12]} 42. Ke2 {[%emt 0:00:34]} Kb7 {[%emt 0:00:37]} 43. Kf3 {[%emt 0:00:44]} Kb6 {[%emt 0:00:08]} 44. Nd4 {[%emt 0:00:10]} Bd2 {[%emt 0:01:30]} 45. e5 {[%emt 0:00:17]} Kc5 {[%emt 0:00:44]} 46. Ke4 {[%emt 0:00:12]} Be3 {[%emt 0:00:41]} 47. Ne2 {[%emt 0:01:45]} Bd2 {[%emt 0:00:13]} 48. e6 {[%emt 0:01:26]} Kd6 {[%emt 0:00:38]} 49. Kf5 {[%emt 0:00:07]} Ke7 {[%emt 0:00:05]} 50. Ke5 {[%emt 0:01:15]} c3 {[%emt 0:01:04]} 51. Nd4 {[%emt 0:00:06]} Be3 {[%emt 0:00:19]} 52. Nc2 {[%emt 0:01:41]} Bc5 {[%emt 0:00:06]} 53. Kd5 {[%emt 0:00:08]} Be3 {[%emt 0:00:21]} 54. Nb4 {[%emt 0:00:18]} Bg1 {[%emt 0:00:28]} 55. Ke5 {[%emt 0:00:16]} Bh2 {[%emt 0:01:21]} 56. Nd5+ {[%emt 0:02:32]} Ke8 {[%emt 0:00:26]} 57. e7 {[%emt 0:00:16]} f3+ {[%emt 0:00:53]} 58. Ke6 {[%emt 0:00:07]} Be5 {[%emt 0:00:05]} 59. Kxe5 {[%emt 0:00:04]} Kd7 {[%emt 0:00:48]} 60. Kf6 {[%emt 0:00:48]} f2 {[%emt 0:00:07]} 61. Ne3 {[%emt 0:00:04]} Ke8 {[%emt 0:00:26]} 62. Ke6 {[%emt 0:00:11]} f1=Q {[%emt 0:00:16]} 63. Nxf1 {[%emt 0:00:02]} c2 {[%emt 0:00:06]} 64. Ne3 {[%emt 0:00:17]} c1=Q {[%emt 0:00:06]} 65. Nf5 {[%emt 0:00:53]} Qc8+ {[%emt 0:00:35]} 66. Ke5 {[%emt 0:00:28]} Kd7 {[%emt 0:00:32]} 67. g4 {[%emt 0:00:43]} Qh8+ {[%emt 0:01:12]} 68. Kf4 {[%emt 0:00:17]} Qf6 {[%emt 0:00:11]} 69. Ke4 {[%emt 0:02:18]} Qg6 {[%emt 0:00:20]} 70. Kf4 {[%emt 0:00:07]} Qf7 {[%emt 0:01:15]} 71. Ke4 {[%emt 0:01:05]} Kc6 {[%emt 0:00:47]} 72. Ke5 {[%emt 0:00:23]} Qg6 {[%emt 0:00:43]} 73. Kf4 {[%emt 0:00:29]} Kd5 {[%emt 0:00:29]} 74. Kg3 {[%emt 0:00:42]} Ke4 {[%emt 0:00:38]} 75. e8=Q+ {[%emt 0:00:13]} Qxe8 {[%emt 0:00:08]} 76. Nd6+ {[%emt 0:00:05]} Ke5 {[%emt 0:00:04]} 77. Nxe8 {[%emt 0:00:04]} Ke6 {[%emt 0:00:18]} 78. Kf4 {[%emt 0:00:07]} Kf7 {[%emt 0:00:04]} 79. Nd6+ {[%emt 0:00:05]} 1-0

[Event "3rd Sharjah Masters 2019"]
[Site "Sharjah"]
[Date "2019.03.26"]
[Round "5.43"]
[White "Gokhale, Chandrashekhar"]
[Black "Fenil, Shah"]
[Result "0-1"]
[WhiteElo "2185"]
[BlackElo "2360"]
[Annotator "NA"]
[PlyCount "52"]
[EventDate "2019.03.22"]
[EventType "swiss"]
[EventCountry "UAE"]
[SourceTitle "playchess.com"]
[Source "ChessBase"]
[SourceQuality "1"]
[TimeControl "5400+30"]

1. Nf3 {[%emt 0:00:00]} c5 {[%emt 0:00:00]} 2. g3 {[%emt 0:00:12]} Nc6 {[%emt 0:00:11]} 3. Bg2 {[%emt 0:00:09]} g6 {[%emt 0:00:20]} 4. O-O {[%emt 0:00:22]} Bg7 {[%emt 0:00:04]} 5. d3 {[%emt 0:00:23]} e5 {[%emt 0:00:48]} 6. e4 {[%emt 0:01:33]} Nge7 {[%emt 0:00:09]} 7. c3 {[%emt 0:05:14]} O-O {[%emt 0:02:29]} 8. Nbd2 {[%emt 0:07:09]} d6 {[%emt 0:01:33]} 9. a3 {[%emt 0:04:10]} h6 {[%emt 0:09:09]} 10. b4 {[%emt 0:02:42]} Be6 {[%emt 0:07:52]} 11. Rb1 {[%emt 0:09:17]} Qd7 {[%emt 0:03:14]} 12. Re1 {[%emt 0:09:59]} b6 {[%emt 0:13:08]} 13. Bb2 {[%emt 0:16:24]} f5 {[%emt 0:08:12]} 14. Nf1 {[%emt 0:06:45]} Rad8 {[%emt 0:06:44]} 15. h4 {[%emt 0:13:20]} Rf7 {[%emt 0:09:50]} 16. N3h2 {[%emt 0:09:54]} Rdf8 {[%emt 0:06:40]} 17. f3 {[%emt 0:02:20]} f4 {[%emt 0:08:09]} 18. Bc1 {[%emt 0:00:48]} h5 {[%emt 0:02:28]} 19. b5 {[%emt 0:03:14]} Na5 {[%emt 0:00:03]} 20. c4 {[%emt 0:00:29]} Bf6 {[%emt 0:00:46]} 21. gxf4 {[%emt 0:01:22]} Bxh4 {[%emt 0:00:56]} 22. Re2 {[%emt 0:00:48]} exf4 {[%emt 0:01:28]} 23. Bb2 {[%emt 0:00:01]} Bf6 {[%emt 0:01:57]} 24. Bxf6 {[%emt 0:00:24]} Rxf6 {[%emt 0:00:01]} 25. e5 {[%emt 0:00:11]} dxe5 {[%emt 0:00:06]} 26. Rxe5 {[%emt 0:00:01]} Qd4+ {[%emt 0:00:06]} 0-1

[Event "3rd Sharjah Masters 2019"]
[Site "Sharjah"]
[Date "2019.03.26"]
[Round "5.44"]
[White "Chekh Adm Khedr, Aram"]
[Black "Priyanka Nutakki"]
[Result "0-1"]
[WhiteElo "2155"]
[BlackElo "2297"]
[Annotator "NA"]
[PlyCount "64"]
[EventDate "2019.03.22"]
[EventType "swiss"]
[EventCountry "UAE"]
[SourceTitle "playchess.com"]
[Source "ChessBase"]
[SourceQuality "1"]
[TimeControl "5400+30"]

1. e4 {[%emt 0:00:00]} e6 {[%emt 0:00:00]} 2. d4 {[%emt 0:00:00]} d5 {[%emt 0:00:00]} 3. Nd2 {[%emt 0:00:00]} c5 {[%emt 0:00:00]} 4. Ngf3 {[%emt 0:00:00]} cxd4 {[%emt 0:00:04]} 5. exd5 {[%emt 0:00:05]} Qxd5 {[%emt 0:00:06]} 6. Bc4 {[%emt 0:00:05]} Qd7 {[%emt 0:00:24]} 7. O-O {[%emt 0:02:25]} Nc6 {[%emt 0:00:05]} 8. Nb3 {[%emt 0:01:16]} a6 {[%emt 0:00:10]} 9. a4 {[%emt 0:03:49]} Nf6 {[%emt 0:08:17]} 10. Nbxd4 {[%emt 0:06:04]} Nxd4 {[%emt 0:00:10]} 11. Nxd4 {[%emt 0:00:10]} Qc7 {[%emt 0:00:08]} 12. Bd3 {[%emt 0:06:45]} Bd6 {[%emt 0:00:49]} 13. h3 {[%emt 0:00:26]} O-O {[%emt 0:00:29]} 14. Re1 {[%emt 0:15:14]} Rd8 {[%emt 0:04:51]} 15. Nf3 {[%emt 0:03:47]} h6 {[%emt 0:04:35]} 16. Qe2 {[%emt 0:00:53]} Bd7 {[%emt 0:02:22]} 17. Ne5 {[%emt 0:04:14]} Rac8 {[%emt 0:13:54]} 18. Bd2 {[%emt 0:05:09]} Bc6 {[%emt 0:12:48]} 19. Ng4 {[%emt 0:10:34]} Qe7 {[%emt 0:15:38]} 20. Ne5 {[%emt 0:18:01]} Nd7 {[%emt 0:08:44]} 21. Nxc6 {[%emt 0:02:38]} Rxc6 {[%emt 0:00:02]} 22. Be4 {[%emt 0:00:08]} Rc7 {[%emt 0:00:04]} 23. Ba5 {[%emt 0:03:02]} b6 {[%emt 0:00:07]} 24. Bc3 {[%emt 0:00:07]} Nc5 {[%emt 0:02:26]} 25. Qg4 {[%emt 0:03:49]} f5 {[%emt 0:04:00]} 26. Bxf5 {[%emt 0:04:33]} exf5 {[%emt 0:00:01]} 27. Qxf5 {[%emt 0:00:01]} Qf7 {[%emt 0:00:25]} 28. Qg4 {[%emt 0:00:55]} Rf8 {[%emt 0:01:09]} 29. Re2 {[%emt 0:00:47]} Re7 {[%emt 0:04:20]} 30. Rae1 {[%emt 0:00:14]} Re4 {[%emt 0:00:37]} 31. Qxg7+ {[%emt 0:03:25]} Qxg7 {[%emt 0:00:06]} 32. Rxe4 {[%emt 0:00:04]} Qf7 {[%emt 0:01:26]} 0-1

[Event "3rd Sharjah Masters 2019"]
[Site "Sharjah"]
[Date "2019.03.26"]
[Round "5.45"]
[White "Ammar, Sedrani"]
[Black "Ranaldi, Lucas"]
[Result "0-1"]
[WhiteElo "2137"]
[BlackElo "2279"]
[Annotator "TA"]
[PlyCount "218"]
[EventDate "2019.03.22"]
[EventType "swiss"]
[EventCountry "UAE"]
[SourceTitle "playchess.com"]
[Source "ChessBase"]
[SourceQuality "1"]

{[%evp 9,218,20,23,12,6,10,18,14,12,10,19,0,0,0,3,4,18,-3,-16,-19,-12,-45,-39,-39,-46,-46,-39,-42,-41,-46,-46,-46,-40,-56,-56,-55,-35,-45,-43,-68,-73,-77,-73,-82,-68,-95,-92,-94,-94,-86,-93,-91,-85,-79,-81,-79,-86,-86,-86,-88,-73,-72,-61,-70,-68,-104,-57,-84,-29,-25,-23,-36,-14,-28,-29,-29,-31,-33,-32,-21,-26,-28,-26,-54,-16,-25,-25,-26,-8,-8,0,0,0,-104,-105,-168,-168,-160,-160,-651,-664,-579,0,-209,0,-548,-8,-10,-8,-8,-8,-602,-588,-702,-616,-29977,-29978,-29978,-29967,-12836,-2505,-2516,-1564,-1055,-318,-10289,-256,-29982,-29983,-29983,0,-29981,0,-29983,-29984,-29984,-29985,-29985,-211,-29984,-29985,-29985,-29984,-29984,-29985,-29985,-29984,-29984,-29984,-29984,0,-211,-211,-29978,-211,-211,-211,-211,-211,-211,-211,-211,-211,-211,-211,-211,-211,-211,-211,-211,-211,-211,-211,-211,-166,-174,-29,-180,-67,-139,-67,-67,0,-161,-67,-67,-67,-67,-67,-67,0,-168,-168,-168,-168,-168,-168,-168,-168,-29984,-29985,-29986,-29987,-29987,-29987,-29987,-29988,-29987,-29988,-29988,-29989]} 1. d4 e6 2. Nf3 c5 3. c3 Nc6 4. Bf4 cxd4 5. cxd4 Qb6 6. Qd2 {A43: Schmid Benoni} Nf6 7. Nc3 d5 8. e3 {The position is equal.} Ne4 9. Qc2 Bd7 10. Nd2 (10. Be2 {is more complex.} Be7 11. O-O Rc8 12. Rfc1 O-O 13. h3) (10. Be2 Rc8 11. O-O Be7 12. h3 {0-1 (36) Usmanov,V (2443)-Andreikin,D (2723) Sochi 2017}) 10... Nxd2 11. Qxd2 Na5 $146 ({Predecessor:} 11... Rc8 12. Rc1 Na5 13. Bd3 Nc4 14. Bxc4 Rxc4 {½-½ (42) Hebden,M (2544)-Iordachescu,V (2606) Port Erin 2003}) 12. Bd3 Rc8 13. O-O (13. Qe2 {is interesting.} Nc4 14. Rb1 Be7 15. O-O O-O 16. Rfc1) 13... Nc4 14. Bxc4 $1 Rxc4 15. a3 Be7 16. Rac1 O-O 17. Nb1 Rfc8 18. Rxc4 Rxc4 19. Rc1 $1 Qb3 20. Bb8 a6 21. Bc7 Bb5 22. Ba5 g6 23. Bc3 Rc8 24. Qd1 Qxd1+ 25. Rxd1 b6 26. Rc1 Bd3 27. Rd1 Bc2 28. Rc1 Bxb1 29. Rxb1 {[#]} Bxa3 $1 $17 {[%mdl 4608] Endgame KRB-KRB} 30. Ra1 (30. bxa3 Rxc3) 30... Bf8 31. Rxa6 b5 $1 {[%cal Bb6b5,Bb5b4][%mdl 32]} 32. Ra1 b4 $1 {[%cal Rb4c3]} 33. Be1 Rc2 34. Rb1 Kg7 35. Kf1 Bd6 36. h3 h5 37. f3 g5 38. b3 $1 Kg6 (38... h4 $17) 39. e4 $1 $11 dxe4 40. fxe4 Bf8 41. Rd1 Rb2 42. Rd3 f5 43. exf5+ exf5 44. d5 Bd6 45. Re3 Kf7 46. Re6 Bf8 47. Rb6 Rxb3 48. d6 Rb1 {next ...Ke6 is good for Black.} 49. Ke2 b3 {And now ...Ke6 would win.} 50. d7 Be7 51. Bc3 (51. Rb8 $11 {remains equal.}) 51... Rg1 $17 52. Rxb3 (52. Rb7 $17 {might work better.} Ke6 53. Kf2) 52... Rxg2+ $19 53. Kf3 Rh2 54. Kg3 $2 (54. Rb7 $17 Rxh3+ 55. Ke2) 54... Bd6+ 55. Kf3 Be7 $2 (55... Ke7 $1 56. d8=B+ {[%mdl 64] Decoy} Kxd8 57. Bf6+ Kd7) 56. Kg3 $1 {[%cal Rg3h2]} Bd6+ $2 (56... Ra2 57. h4 Bd6+ 58. Kf3 g4+ 59. Ke3 Ke7) 57. Kf3 g4+ $2 (57... Ke7 $1 $19 58. d8=B+ {[%mdl 64] Decoy} Kxd8 59. Bf6+ Kd7) 58. hxg4 $11 hxg4+ 59. Ke3 Rh3+ 60. Ke2 $2 {[%mdl 8192]} (60. Kd2 $11 Bf4+ 61. Kc2) 60... Ke7 $19 61. Bf6+ Kxd7 62. Rxh3 gxh3 {KB-KB} 63. Kf2 Ke6 64. Bg5 Bh2 (64... Kf7 $142 65. Bh4 f4) 65. Kf3 Kd5 66. Be3 Kc4 $2 (66... Be5 67. Bb6 Kc4) 67. Bb6 $2 {[#]} (67. Bc1) 67... Kd3 $2 (67... Bf4 $1 {[%mdl 512]} 68. Bf2 (68. Kxf4 h2) 68... Kd3) 68. Ba5 $2 (68. Be3 $19 Bg3 69. Bh6) 68... Be5 69. Bb6 Bh2 70. Ba5 $1 Be5 71. Bb6 h2 72. Kg2 Ke2 73. Kh1 Bg3 $2 (73... f4 74. Ba7 f3 75. Bf2 Bc3 76. Bh4 Be1 77. Bg3 Kd1 78. Kxh2 Ke2 79. Bxe1 Kxe1 80. Kg3 f2 81. Kf4 f1=Q+ 82. Ke5 Qa6 83. Kd5 Qf6 84. Ke4 Qe6+ 85. Kd3 Qe5 86. Kc4 Kd2 87. Kb4 Kd3 88. Ka3 Kc3 89. Ka4 Qd5 90. Ka3 Qb3#) 74. Bc5 $2 (74. Bd8 $19 Bf4 75. Be7) 74... Bc7 75. Bd4 Bd6 76. Bb6 Be5 77. Bc5 Bb8 78. Bb6 Bd6 79. Bd4 Bg3 $2 (79... f4 80. Bb6 f3 81. Ba7 Bf4 82. Bf2 Be3 83. Bg3 Bd2 84. Bh4 Bg5 $1 {[%mdl 512]} 85. Bg3 Be7 86. Kxh2 Bd6 $1 {[%mdl 512]} 87. Kh3 Bxg3 88. Kxg3 f2 89. Kf4 f1=Q+ 90. Ke5 Kd3 91. Kd5 Qf6 92. Kc5 Qe6 93. Kb5 Qd6 94. Ka4 Kc4 95. Ka5 Qg6 96. Ka4 Qa6#) 80. Bc5 $1 Kd3 81. Bb6 $2 (81. Be7 $19 Ke2 82. Bf6) 81... Ke4 $2 (81... Bd6 {mates} 82. Bf2 Ke2 83. Bh4 f4 84. Kxh2 f3+ 85. Kh3 f2 86. Bxf2) 82. Ba7 Kd5 83. Be3 Ke6 84. Kg2 Kf6 85. Bd4+ Kg5 86. Kh1 Kg4 87. Bc5 Be5 88. Bb6 Bf4 89. Ba7 Kf3 90. Bb8 Ke4 91. Ba7 Be3 92. Bb8 Bg1 (92... Bd4 $19 {White must now prevent ...Be5.} 93. Bxh2 Kf3) 93. Bc7 $2 (93. Kg2 $11 {and White has nothing to worry.} f4 94. Bxf4 Kxf4 95. Kh1) 93... Kf3 ({Black should try} 93... Bd4 $1 $19 {[%cal Rd4g1] Threatens to win with ...Bg1.} 94. Bxh2 Kf3) 94. Bg3 ({White has to play} 94. Bd8 $1 $15 f4 95. Bg5) 94... Kg4 (94... Bf2 $1 $17 {[%cal Rf2g1] ...Bg1 is the strong threat.} 95. Bxh2 f4 96. Bxf4) 95. Bd6 $15 Kf3 ({Better is} 95... Be3 $15 96. Bxh2 Kf3) 96. Bc7 $2 (96. Bg3 $1 $11 {and White stays safe.} f4 97. Bxf4 Kxf4 98. Kg2) 96... Kf2 (96... Be3 $1 $19 {[%cal Re3f4]} 97. Bxh2 f4) 97. Bg3+ Ke2 98. Bf4 Kd3 (98... Be3 {is more complex.} 99. Bxh2 Kf3 100. Bd6 Bf4 101. Be7 Bg3) 99. Bg3 Ke4 (99... Kd2 $15 100. Bf4+ Kd3) 100. Bc7 $1 $19 Bd4 $1 {[%cal Rd4e5]} 101. Bxh2 {[#]} Be5 $1 {[%cal Re5h2] ( -> ...Bxh2)} (101... f4 $2 102. Kg2 $19) 102. Bg1 Kf3 {aiming for ...Bf4.} 103. Bc5 f4 {Strongly threatening ...Ke2.} 104. Kg1 $2 {[#]} (104. Kh2 $19) 104... Ke2 $1 {Black mates.} 105. Bf2 Bc3 106. Kg2 Bd2 107. Bh4 f3+ 108. Kh2 {[#]} Bg5 $1 {[%mdl 512]} 109. Bg3 {[#]} (109. Bxg5 f2) 109... Bf4 $1 {[%mdl 576] Promotion. Accuracy: White = 49%, Black = 53%.} 0-1

[Event "3rd Sharjah Masters 2019"]
[Site "Sharjah"]
[Date "2019.03.26"]
[Round "5.46"]
[White "Thrish, Karthik"]
[Black "Amdouni, Zoubaier"]
[Result "0-1"]
[WhiteElo "2096"]
[BlackElo "2275"]
[Annotator "NA"]
[PlyCount "69"]
[EventDate "2019.03.22"]
[EventType "swiss"]
[EventCountry "UAE"]
[SourceTitle "playchess.com"]
[Source "ChessBase"]
[SourceQuality "1"]
[TimeControl "5400+30"]

1. Nf3 {[%emt 0:00:00]} d5 {[%emt 0:00:00]} 2. e3 {[%emt 0:00:06]} Nf6 {[%emt 0:00:15]} 3. c4 {[%emt 0:00:05]} e6 {[%emt 0:00:34]} 4. b3 {[%emt 0:00:16]} Nbd7 {[%emt 0:00:14]} 5. Bb2 {[%emt 0:00:12]} Bd6 {[%emt 0:00:11]} 6. d4 {[%emt 0:01:00]} c6 {[%emt 0:03:27]} 7. Nbd2 {[%emt 0:00:59]} Qe7 {[%emt 0:05:08]} 8. Ne5 {[%emt 0:08:02]} Ba3 {[%emt 0:01:21]} 9. Bxa3 {[%emt 0:02:47]} Qxa3 {[%emt 0:00:05]} 10. Nxd7 {[%emt 0:00:09]} Nxd7 {[%emt 0:01:33]} 11. Bd3 {[%emt 0:03:40]} O-O {[%emt 0:16:41]} 12. O-O {[%emt 0:05:15]} Qd6 {[%emt 0:01:08]} 13. Qc2 {[%emt 0:05:50]} h6 {[%emt 0:01:55]} 14. Rfd1 {[%emt 0:07:08]} b6 {[%emt 0:15:47]} 15. cxd5 {[%emt 0:05:21]} exd5 {[%emt 0:01:44]} 16. e4 {[%emt 0:05:35]} Bb7 {[%emt 0:04:18]} 17. e5 {[%emt 0:10:27]} Qe7 {[%emt 0:00:17]} 18. Nf3 {[%emt 0:00:53]} Rad8 {[%emt 0:07:06]} 19. Re1 {[%emt 0:02:00]} Nb8 {[%emt 0:02:04]} 20. e6 {[%emt 0:06:22]} fxe6 {[%emt 0:05:30]} 21. Ne5 {[%emt 0:00:55]} Qf6 {[%emt 0:03:45]} 22. Bh7+ {[%emt 0:01:22]} Kh8 {[%emt 0:00:01]} 23. Ng6+ {[%emt 0:01:43]} Kxh7 {[%emt 0:00:02]} 24. Nxf8+ {[%emt 0:00:05]} Kg8 {[%emt 0:00:08]} 25. Nxe6 {[%emt 0:02:32]} Re8 {[%emt 0:02:50]} 26. Ng5 {[%emt 0:05:53]} Rxe1+ {[%emt 0:07:53]} 27. Rxe1 {[%emt 0:00:02]} Qxg5 {[%emt 0:00:05]} 28. Re8+ {[%emt 0:00:23]} Kf7 {[%emt 0:00:01]} 29. Rxb8 {[%emt 0:00:07]} Ba6 {[%emt 0:00:24]} 30. Qxc6 {[%emt 0:03:51]} Qf5 {[%emt 0:06:37]} 31. Qe8+ {[%emt 0:00:18]} Kf6 {[%emt 0:00:01]} 32. Qf8+ {[%emt 0:00:05]} Kg6 {[%emt 0:00:03]} 33. Qxf5+ {[%emt 0:00:05]} Kxf5 {[%emt 0:00:02]} 34. Re8 {[%emt 0:00:06]} Kf6 {[%emt 0:00:14]} 35. Re5 {[%emt 0:00:05]} 0-1